• 首页
  • 本馆介绍
  • 公告通知
  • 最新文献
  • 馆藏检索
  • 电子资源
  • 读者导购
  • 参考咨询
  • 我的图书馆
  • 登录
  • 详细信息显示
  • 放入我的书架
  • 预约/预借图书
  • 作者相关作品
  • 分类相关作品
  • 丛书相关作品
  • 出版社相关作品

书目信息

  • 表格格式
  • 工作单格式
  • 卡片格式
题名:
快速磁放大器与半导体-磁放大器
    
 
作者: 李普曼 , 聶格涅维茨基 著 ;胡守约 译
分册:  
出版信息: 上海   上海科学技术出版社  1964
页数: 339页
开本: 20cm
丛书名:
单 册:
中图分类: TN722.5
科图分类:
主题词: 放大技术 , 放大器
电子资源:
ISBN:
000 00824nam0 2200253 450
001 0662175579
005 20060516172115.04
010    @dCNY1.50
091    @a15119.6
100    @a20060516d1964 km y0chiy0120 ea
101 0  @achi
102    @aCN@b310000
102    @aCN@b310000
200 1  @a快速磁放大器与半导体-磁放大器@Akuai su ci fang da qi yu ban dao ti-ci fang da qi@f(苏)P·A·李普曼,И·Б·聶格涅维茨基著@F(su)P·A·li pu man,И·Б·zhe ge nie wei ci ji zhu@g胡守约译@Ghu shou yue yi
210    @a上海@c上海科学技术出版社@d1964
215    @a339页@d20cm
606 0  @a放大技术
606 0  @a放大器
690    @aTN722.5@v3
701  0 @a李普曼@Ali pu man@4著
701  0 @a聶格涅维茨基@Azhe ge nie wei ci ji@4著
702  0 @a胡守约@Ahu shou yue@4译
801  0 @aCN@bPFT@c20060516
905    @a10447@dTN722.5@e22
    
    快速磁放大器与半导体-磁放大器/(苏)P·A·李普曼,И·Б·聶格涅维茨基著/胡守约译.-上海:上海科学技术出版社,1964
    339页;20cm
    
    
    ISBN :CNY1.50
    
●
相关链接 在E读中查询图书 在五车中查询图书 在当当中查询图书 在豆瓣中查询图书


正题名:快速磁放大器与半导体-磁放大器     索取号:TN722.5/22         预约/预借

序号 登录号 条形码 馆藏地/架位号 状态 备注
1 0016068   202353997   密集书库/ [索取号:TN722.5/22] 在馆    
唐山师范学院图书馆 欢迎您!
大连网信软件有限公司© 版权所有